[Event "26th Zadar Open 2019"]
[Site "Zadar"]
[Date "2019.12.19"]
[Round "6.14"]
[White "Manush Shah"]
[Black "Hnydiuk, Aleksander"]
[Result "1/2-1/2"]
[WhiteElo "2341"]
[BlackElo "2423"]
[Annotator "TA"]
[PlyCount "150"]
[EventDate "2019.12.15"]
[EventType "swiss"]
[EventCountry "CRO"]
[SourceTitle "playchess.com"]
[Source "ChessBase"]
[SourceQuality "1"]

{[%evp 16,150,40,36,43,0,21,22,10,13,21,8,16,-11,1,-6,86,71,67,47,58,54,114,108,89,14,58,58,58,56,56,56,52,58,52,45,52,60,54,56,122,107,133,51,532,530,525,523,501,512,505,505,484,398,401,387,375,298,291,280,361,198,193,178,158,158,188,105,105,33,105,33,105,27,27,26,27,27,27,0,27,26,26,26,26,0,33,4,11,0,0,0,0,0,0,0,0,0,0,0,0,0,0,0,0,0,0,0,0,0,1,0,0,0,0,0,0,0,0,0,0,0,0,0,0,0,0,0,0,0,0,0,0,0,0,0,0]} 1. d4 Nf6 2. Nf3 g6 3. c4 Bg7 4. g3 c5 5. d5 b5 6. cxb5 a6 7. bxa6 d6 8. Nc3 O-O 9. Bg2 Nbd7 {A58: Benko/Volga Gambit: Lines with 5 bxa6} 10. Rb1 (10. O-O Nb6 11. Ne1 Rxa6 12. Nc2 Bb7 13. Ne3 Qa8 14. Qd2 Rc8 15. b3 e6 16. dxe6 fxe6 17. Bxb7 Qxb7 {0-1 (35) Kempinski,R (2579)-Tomczak,J (2628) Katowice 2019}) 10... Nb6 11. Nd2 Bf5 $146 ({Predecessor:} 11... Bxa6 12. O-O Bb7 13. e4 Ba6 14. Re1 Nfd7 15. Nf3 Nc4 16. Qc2 Qa5 17. Bf1 {1-0 (39) Dvirnyy,D (2487)-Carrasco Martinez,J (2380) Lisbon 2019}) 12. e4 Bc8 13. Bf1 Nfd7 14. Qc2 f5 15. Be2 Nf6 {[#]} (15... Bxa6 $11 {keeps the balance.} 16. Bxa6 Rxa6) 16. O-O $1 $16 fxe4 17. Ndxe4 Nxe4 18. Nxe4 {Strongly threatening b4.} (18. Qxe4 $2 Bxc3 19. bxc3 Bf5 $19) 18... Nxd5 (18... Bxa6 $14 19. Bxa6 Rxa6) 19. Bc4 e6 20. Qb3 (20. Rd1 $16 {Rxd5 is the strong threat.} Kh8 21. Bf4 Nxf4 22. Rxd6 (22. gxf4 Bd4 $17)) 20... Bxa6 21. Bxd5 exd5 22. Qxd5+ Kh8 23. Re1 $36 {[%mdl 2048] White is pushing.} Rf5 $1 {[%cal Rf5d5]} 24. Qxd6 Bd3 25. Ra1 $1 Bd4 26. Be3 Bxb2 27. Rad1 Rd5 ({Better is} 27... c4 $14) 28. Qxd8+ Raxd8 29. Bg5 (29. Nxc5 $16 Bc3 30. Ne6 (30. Nxd3 Bxe1 31. Rxe1 Rxd3 $15) 30... Bxe1 31. Nxd8 Bxf2+ 32. Kxf2 Rxd8 33. a4) 29... Rxg5 $2 {[%mdl 8192]} (29... Re8 $14 30. Bf6+ Bxf6 31. Nxf6 Rxe1+ 32. Rxe1 Rd6) 30. Nxg5 $18 {[#] Hoping for Nf7+.} Rd7 31. Ne6 c4 32. Nc5 Rd5 33. Nxd3 cxd3 {[%mdl 4096] Endgame KRR-KRB} 34. Re3 d2 35. Rb3 Bc1 36. Rc3 Ra5 37. Rc2 Rd5 38. Rcxc1 (38. a4 $142) 38... dxc1=Q 39. Rxc1 {KR-KR} Ra5 40. Rc2 g5 41. h3 (41. Kf1 $18) 41... Kg7 $16 42. Re2 (42. Rc4 $16) 42... Kf6 (42... h5 $14) 43. Kf1 ({White should play} 43. Re4 $16) 43... Ra3 (43... h5 $14) 44. Kg2 (44. Re4 $16) 44... h5 $11 45. Rb2 Kg6 46. Rb6+ Kg7 47. Rb2 Kg6 48. Kf1 Kf6 49. Re2 Kg6 50. Kg2 Kf6 51. f3 h4 {The position is equal.} 52. g4 Kf7 53. Kf1 Kg6 54. Kf2 Kg7 55. Rb2 Kg6 56. Ke2 Kf6 57. Ke1 Re3+ 58. Re2 (58. Kf2 {is more complex.} Ra3 59. Re2 Kg6 60. Re1 Rxa2+ 61. Re2) 58... Ra3 59. Kf2 Kg6 60. Kg2 (60. f4 {keeps more tension.} gxf4 61. Re4 Rxa2+ 62. Kf3 Ra3+ 63. Kxf4 Rxh3) 60... Kf6 61. Rb2 Kg6 62. Rf2 Kg7 63. f4 gxf4 64. Rxf4 Rxa2+ 65. Rf2 Ra3 66. Rf5 Ra2+ 67. Kg1 Ra1+ 68. Kf2 Ra2+ 69. Kg1 Ra1+ 70. Kg2 Ra2+ 71. Rf2 (71. Kf1 {is interesting.} Ra1+ 72. Kg2) 71... Ra3 72. Re2 Kg6 73. Re5 Ra2+ 74. Kf1 Ra3 75. Kg2 Ra2+ {Accuracy: White = 32%, Black = 68%.} 1/2-1/2

[Event "26th Zadar Open 2019"]
[Site "Zadar"]
[Date "2019.12.19"]
[Round "6.16"]
[White "Nester, Ihor"]
[Black "Bukal, Vladimir Jr."]
[Result "0-1"]
[WhiteElo "2329"]
[BlackElo "2393"]
[Annotator "TA"]
[PlyCount "136"]
[EventDate "2019.12.15"]
[EventType "swiss"]
[EventCountry "CRO"]
[SourceTitle "playchess.com"]
[Source "ChessBase"]
[SourceQuality "1"]

{[%evp 11,135,31,38,35,31,31,28,0,2,3,14,2,46,43,67,22,24,21,64,50,57,11,11,-8,0,0,33,20,20,21,80,28,20,17,10,18,17,18,122,92,100,0,-22,-44,-38,-43,-42,-51,-10,-20,-16,-69,-64,-80,-84,-104,-68,-58,-17,-27,-2,-20,6,19,19,0,37,33,240,243,297,247,264,281,318,217,228,218,204,209,265,268,354,270,269,269,290,268,299,265,276,180,309,1,1,1,7,0,0,0,0,0,28,0,0,0,0,0,0,-8,-8,-8,0,-18,-10,-29993,-29994,-29994,-29995,-29995,-29996,-29996,-29995,-29997,-29998,-29999]} 1. Nf3 e6 2. c4 f5 3. g3 Nf6 4. Bg2 d5 5. O-O Be7 6. d3 O-O 7. cxd5 {A10: English Opening: Unusual Replies for Black} (7. Qc2 Nc6 8. a3 a5 9. cxd5 exd5 10. Nc3 Kh8 11. Nb5 Bd7 12. Bf4 Rc8 13. Rab1 Nh5 14. Bd2 f4 {0-1 (36) Edouard,R (2658)-Rapport,R (2691) Caleta 2014}) 7... exd5 8. Nc3 c6 9. e4 {White has an edge.} dxe4 10. Qb3+ Kh8 11. dxe4 Na6 $146 ({Predecessor:} 11... fxe4 12. Ng5 Nd5 13. Ngxe4 Nxc3 14. Qxc3 Qe8 {1-0 (65) Fierro Baquero,M (2369)-Rapport,J (2299) Riadh 2017}) 12. e5 Ne4 13. Be3 Nec5 14. Qc2 Ne6 15. Rad1 Qe8 16. Nd4 Nxd4 17. Bxd4 f4 18. Ne4 f3 19. Bh1 $36 {[%mdl 2048] White has some pressure.} Qg6 20. Rfe1 Rf4 (20... Bg4 $11) 21. Qd2 (21. Qb3 $1 $16) 21... Rxe4 $11 22. Rxe4 Qxe4 {[#]} 23. Bc5 $1 {[%mdl 512] White threatens Qd8+! and mate.} Be6 (23... Nxc5 24. Qd8+ $1 {[%mdl 512]} Bxd8 25. Rxd8#) 24. Bxe7 Bd5 (24... Qxe5 $11 25. Bxf3 Bxa2) 25. Re1 $16 Qf5 26. Qe3 ({White should try} 26. Bd6 $16) 26... Nc7 $1 $11 27. Qf4 Qxf4 28. gxf4 Ne6 29. Re3 Re8 30. Bd6 Nd4 31. Bc5 ({White should play} 31. h3 $11) 31... Nf5 $15 32. Ra3 b6 33. Bb4 a5 34. Bd2 Nd4 35. Be3 Ne2+ 36. Kf1 b5 37. Rxa5 Kg8 38. Ke1 Be4 39. a4 b4 $2 (39... bxa4 $14 40. Rxa4 Bd5) 40. Rc5 $18 b3 41. a5 Kf7 42. a6 Ra8 43. Ra5 c5 {White should prevent ...c4.} 44. Bxc5 Nxf4 45. Kd2 {Threatens to win with Ke3.} Ng2 46. Kc3 $1 Bd5 47. Bd6 Rc8+ 48. Kd4 Ba8 {[#]} 49. Rb5 $1 Rc1 50. Rb8 ({Weaker is} 50. Rxb3 Rd1+ 51. Kc5 Rc1+ 52. Rc3 Rxh1 $11) 50... Bc6 51. a7 ({Not} 51. Rxb3 Rxh1 52. Rb7+ Ke6 $14) 51... Rxh1 (51... Nh4 {is a better defense.}) 52. a8=Q $2 ({Worse is} 52. Rxb3 Nf4 $15) ({Better is} 52. Rc8 $18 Rd1+ 53. Kc5) 52... Bxa8 $11 53. Rxa8 {[%mdl 4096] Endgame KRB-KRN} Rf1 54. Rf8+ Ke6 55. Rxf3 Nh4 56. Rxb3 Rxf2 57. Rb6 Nf5+ 58. Ke4 {Bc5+ is the strong threat.} Re2+ 59. Kf3 Rxh2 60. Bb8+ Kd5 61. b4 Rb2 62. Kf4 Rf2+ 63. Kg5 $2 {[%mdl 8192]} (63. Kg4 $11) 63... Ke4 {Black mates.} 64. Kg4 Rf4+ 65. Kh3 {[#]} Kf3 $1 {[%csl Gf5][%cal Rf4h4]} 66. Kh2 Rh4+ 67. Kg1 Ng3 {[%csl Gg3][%cal Rh4h1]} 68. e6 {Accuracy: White = 39%, Black = 58%.} Rh1# 0-1

[Event "26th Zadar Open 2019"]
[Site "Zadar"]
[Date "2019.12.19"]
[Round "6.17"]
[White "Lye, Lik Zang"]
[Black "Vidic, Teja"]
[Result "1/2-1/2"]
[WhiteElo "2379"]
[BlackElo "2221"]
[Annotator "RC"]
[PlyCount "118"]
[EventDate "2019.12.15"]
[EventType "swiss"]
[EventCountry "CRO"]
[SourceTitle "playchess.com"]
[Source "ChessBase"]
[SourceQuality "1"]
[TimeControl "40/5400+30:1800+30"]

1. d4 {[%emt 0:00:30]} d5 {[%emt 0:00:30]} 2. Bf4 {[%emt 0:00:00]} Nf6 {[%emt 0:00:30]} 3. e3 {[%emt 0:00:00]} e6 {[%emt 0:00:00]} 4. Nf3 {[%emt 0:00:30]} Bd6 {[%emt 0:00:00]} 5. Bg3 {[%emt 0:00:30]} O-O {[%emt 0:00:30]} 6. Nbd2 {[%emt 0:05:30]} b6 {[%emt 0:00:30]} 7. Bd3 {[%emt 0:04:30]} c5 {[%emt 0:00:30]} 8. c3 {[%emt 0:00:30]} Ba6 {[%emt 0:02:30]} 9. Bxa6 {[%emt 0:11:30]} Nxa6 {[%emt 0:00:30]} 10. Qe2 {[%emt 0:00:30]} Nb8 {[%emt 0:00:00]} 11. e4 {[%emt 0:13:30]} Be7 {[%emt 0:00:00]} 12. exd5 {[%emt 0:02:30]} Qxd5 {[%emt 0:01:30]} 13. dxc5 {[%emt 0:05:30]} Qxc5 {[%emt 0:00:30]} 14. Ne5 {[%emt 0:03:30]} Nbd7 {[%emt 0:13:30]} 15. Ne4 {[%emt 0:04:30]} Qc8 {[%emt 0:01:30]} 16. O-O-O {[%emt 0:05:30]} Nd5 {[%emt 0:18:30]} 17. h4 {[%emt 0:11:30]} Nxe5 {[%emt 0:09:30]} 18. Bxe5 {[%emt 0:00:30]} Qc6 {[%emt 0:00:30]} 19. Kb1 {[%emt 0:09:36]} Rac8 {[%emt 0:01:30]} 20. g4 {[%emt 0:05:20]} b5 {[%emt 0:12:30]} 21. g5 {[%emt 0:03:40]} b4 {[%emt 0:02:30]} 22. Rdg1 {[%emt 0:04:06]} bxc3 {[%emt 0:03:30]} 23. Nxc3 {[%emt 0:00:20]} Nxc3+ {[%emt 0:02:30]} 24. Bxc3 {[%emt 0:00:04]} Qd5 {[%emt 0:00:00]} 25. Ka1 {[%emt 0:03:53]} Rc4 {[%emt 0:03:00]} 26. Rd1 {[%emt 0:00:33]} Qe4 {[%emt 0:02:30]} 27. Qxe4 {[%emt 0:01:41]} Rxe4 {[%emt 0:00:30]} 28. Bd4 {[%emt 0:00:34]} a5 {[%emt 0:04:30]} 29. Be3 {[%emt 0:00:15]} Rb8 {[%emt 0:01:37]} 30. Rd7 {[%emt 0:00:45]} Kf8 {[%emt 0:00:15]} 31. h5 {[%emt 0:02:10]} Rb5 {[%emt 0:06:38]} 32. Rc1 {[%emt 0:00:38]} Ke8 {[%emt 0:03:41]} 33. Ra7 {[%emt 0:00:17]} Bc5 {[%emt 0:01:02]} 34. Ra8+ {[%emt 0:01:20]} Ke7 {[%emt 0:00:09]} 35. Rxc5 {[%emt 0:00:43]} Rxe3 {[%emt 0:00:24]} 36. Ra7+ {[%emt 0:00:31]} Kd6 {[%emt 0:00:53]} 37. fxe3 {[%emt 0:00:31]} Rxc5 {[%emt 0:00:05]} 38. a4 {[%emt 0:00:09]} Rxg5 {[%emt 0:02:49]} 39. Rxf7 {[%emt 0:00:05]} Rxh5 {[%emt 0:00:12]} 40. Rxg7 {[%emt 0:00:03]} Kc5 {[%emt 0:03:44]} 41. Ka2 {[%emt 0:02:16]} Re5 {[%emt 0:09:01]} 42. Rxh7 {[%emt 0:05:30]} Rxe3 {[%emt 0:00:00]} 43. Rb7 {[%emt 0:00:30]} Kd4 {[%emt 0:06:00]} 44. Rd7+ {[%emt 0:07:27]} Kc5 {[%emt 0:01:30]} 45. Rb7 {[%emt 0:01:10]} Kd4 {[%emt 0:00:30]} 46. b3 {[%emt 0:04:42]} Re5 {[%emt 0:03:37]} 47. Ka3 {[%emt 0:00:56]} Rd5 {[%emt 0:01:04]} 48. b4 {[%emt 0:01:36]} axb4+ {[%emt 0:00:37]} 49. Kxb4 {[%emt 0:00:06]} e5 {[%emt 0:01:43]} 50. a5 {[%emt 0:00:47]} e4 {[%emt 0:02:55]} 51. a6 {[%emt 0:00:22]} Rd6 {[%emt 0:00:50]} 52. Kb5 {[%emt 0:02:36]} Rxa6 {[%emt 0:00:29]} 53. Kxa6 {[%emt 0:00:10]} e3 {[%emt 0:00:05]} 54. Kb5 {[%emt 0:03:28]} e2 {[%emt 0:02:06]} 55. Re7 {[%emt 0:00:08]} Kd3 {[%emt 0:00:05]} 56. Kb4 {[%emt 0:00:26]} Kd2 {[%emt 0:00:06]} 57. Rd7+ {[%emt 0:00:03]} Kc2 {[%emt 0:00:16]} 58. Re7 {[%emt 0:00:12]} Kd2 {[%emt 0:00:05]} 59. Rxe2+ {[%emt 0:00:03]} Kxe2 {[%emt 0:00:05]} 1/2-1/2

[Event "26th Zadar Open 2019"]
[Site "Zadar"]
[Date "2019.12.19"]
[Round "6.18"]
[White "Sutkovic, Damir"]
[Black "Rogic, Davor"]
[Result "0-1"]
[WhiteElo "2292"]
[BlackElo "2485"]
[Annotator "ChessBase"]
[PlyCount "78"]
[EventDate "2019.12.15"]
[EventType "swiss"]
[EventCountry "CRO"]
[SourceTitle "playchess.com"]
[Source "ChessBase"]
[SourceQuality "1"]
[TimeControl "40/5400+30:1800+30"]

1. Nf3 {[%emt 0:00:30]} d5 {[%emt 0:00:30]} 2. d3 {[%emt 0:00:00]} g6 {[%emt 0:00:30]} 3. g3 {[%emt 0:02:00]} Bg7 {[%emt 0:00:00]} 4. Bg2 {[%emt 0:00:00]} e5 {[%emt 0:00:00]} 5. O-O {[%emt 0:01:00]} Ne7 {[%emt 0:00:30]} 6. e4 {[%emt 0:03:30]} O-O {[%emt 0:00:30]} 7. exd5 {[%emt 0:00:30]} Nxd5 {[%emt 0:00:30]} 8. Re1 {[%emt 0:00:30]} Nc6 {[%emt 0:00:30]} 9. Bg5 {[%emt 0:02:30]} f6 {[%emt 0:10:30]} 10. Bd2 {[%emt 0:00:30]} g5 {[%emt 0:04:30]} 11. Nc3 {[%emt 0:06:30]} Nde7 {[%emt 0:00:30]} 12. h3 {[%emt 0:08:30]} g4 {[%emt 0:05:30]} 13. hxg4 {[%emt 0:00:30]} Bxg4 {[%emt 0:00:30]} 14. Qc1 {[%emt 0:01:30]} Qd7 {[%emt 0:05:30]} 15. Bh6 {[%emt 0:02:30]} Rf7 {[%emt 0:03:30]} 16. Ne4 {[%emt 0:17:30]} Raf8 {[%emt 0:01:30]} 17. Nc5 {[%emt 0:01:30]} Qc8 {[%emt 0:01:30]} 18. c3 {[%emt 0:01:30]} b6 {[%emt 0:10:30]} 19. Nb3 {[%emt 0:01:30]} f5 {[%emt 0:00:30]} 20. Bxg7 {[%emt 0:03:30]} Rxg7 {[%emt 0:00:00]} 21. Nxe5 {[%emt 0:00:30]} Nxe5 {[%emt 0:01:00]} 22. Rxe5 {[%emt 0:00:00]} f4 {[%emt 0:02:30]} 23. Qe1 {[%emt 0:14:00]} Ng6 {[%emt 0:03:30]} 24. Bd5+ {[%emt 0:11:38]} Kh8 {[%emt 0:00:00]} 25. Rg5 {[%emt 0:00:39]} h6 {[%emt 0:05:00]} 26. Rxg6 {[%emt 0:00:43]} Rxg6 {[%emt 0:00:30]} 27. Qe5+ {[%emt 0:00:32]} Rg7 {[%emt 0:03:30]} 28. Nd4 {[%emt 0:02:02]} c5 {[%emt 0:05:30]} 29. Ne6 {[%emt 0:02:22]} Bxe6 {[%emt 0:00:30]} 30. Bxe6 {[%emt 0:00:36]} Qd8 {[%emt 0:02:30]} 31. d4 {[%emt 0:02:06]} cxd4 {[%emt 0:00:30]} 32. cxd4 {[%emt 0:00:06]} fxg3 {[%emt 0:01:30]} 33. fxg3 {[%emt 0:00:19]} Rf3 {[%emt 0:00:30]} 34. Rc1 {[%emt 0:06:42]} Rfxg3+ {[%emt 0:00:30]} 35. Kf2 {[%emt 0:00:28]} Qf8+ {[%emt 0:02:30]} 36. Bf5 {[%emt 0:02:37]} R3g5 {[%emt 0:00:30]} 37. Rc8 {[%emt 0:00:18]} Qxc8 {[%emt 0:00:30]} 38. Bxc8 {[%emt 0:00:57]} Rxe5 {[%emt 0:00:30]} 39. dxe5 {[%emt 0:00:09]} Rc7 {[%emt 0:00:00]} 0-1

[Event "26th Zadar Open 2019"]
[Site "Zadar"]
[Date "2019.12.19"]
[Round "6.19"]
[White "Zelic, Mladen"]
[Black "Moksh Amit Doshi"]
[Result "1/2-1/2"]
[WhiteElo "2254"]
[BlackElo "2399"]
[Annotator "ChessBase"]
[PlyCount "54"]
[EventDate "2019.12.15"]
[EventType "swiss"]
[EventCountry "CRO"]
[SourceTitle "playchess.com"]
[Source "ChessBase"]
[SourceQuality "1"]
[TimeControl "40/5400+30:1800+30"]

1. e4 {[%emt 0:00:30]} e5 {[%emt 0:03:30]} 2. f4 {[%emt 0:00:30]} exf4 {[%emt 0:00:00]} 3. Nf3 {[%emt 0:00:00]} Ne7 {[%emt 0:01:00]} 4. Bc4 {[%emt 0:10:00]} d5 {[%emt 0:01:30]} 5. exd5 {[%emt 0:00:30]} Nxd5 {[%emt 0:00:00]} 6. O-O {[%emt 0:00:00]} Be7 {[%emt 0:02:00]} 7. Nc3 {[%emt 0:01:00]} Be6 {[%emt 0:04:30]} 8. Qe2 {[%emt 0:00:30]} Nc6 {[%emt 0:01:30]} 9. d4 {[%emt 0:00:30]} Nxc3 {[%emt 0:12:30]} 10. bxc3 {[%emt 0:00:30]} Bxc4 {[%emt 0:00:00]} 11. Qxc4 {[%emt 0:00:00]} Qd6 {[%emt 0:00:00]} 12. Bd2 {[%emt 0:00:00]} O-O {[%emt 0:01:30]} 13. Rae1 {[%emt 0:00:30]} Bf6 {[%emt 0:02:30]} 14. Re4 {[%emt 0:07:30]} g5 {[%emt 0:01:30]} 15. h4 {[%emt 0:05:30]} h6 {[%emt 0:00:30]} 16. hxg5 {[%emt 0:00:30]} hxg5 {[%emt 0:00:30]} 17. g3 {[%emt 0:00:30]} Rae8 {[%emt 0:02:30]} 18. Rfe1 {[%emt 0:03:30]} Rxe4 {[%emt 0:01:30]} 19. Rxe4 {[%emt 0:00:30]} Ne7 {[%emt 0:08:30]} 20. gxf4 {[%emt 0:06:30]} Nd5 {[%emt 0:00:30]} 21. Ne5 {[%emt 0:24:30]} Nxf4 {[%emt 0:06:30]} 22. Bxf4 {[%emt 0:00:30]} gxf4 {[%emt 0:00:30]} 23. Rxf4 {[%emt 0:12:30]} Bxe5 {[%emt 0:04:30]} 24. dxe5 {[%emt 0:00:30]} Qd1+ {[%emt 0:02:30]} 25. Kf2 {[%emt 0:01:30]} Qd2+ {[%emt 0:01:30]} 26. Kf3 {[%emt 0:01:30]} Qd1+ {[%emt 0:00:30]} 27. Kf2 {[%emt 0:00:00]} Qd2+ {[%emt 0:00:00]} 1/2-1/2

[Event "26th Zadar Open 2019"]
[Site "Zadar"]
[Date "2019.12.19"]
[Round "6.20"]
[White "Ascic, Pero"]
[Black "Sai Agni Jeevitesh, J."]
[Result "1/2-1/2"]
[WhiteElo "2310"]
[BlackElo "2301"]
[Annotator "ChessBase"]
[PlyCount "75"]
[EventDate "2019.12.15"]
[EventType "swiss"]
[EventCountry "CRO"]
[SourceTitle "playchess.com"]
[Source "ChessBase"]
[SourceQuality "1"]
[TimeControl "40/5400+30:1800+30"]

1. e4 {[%emt 0:01:30]} d6 {[%emt 0:00:30]} 2. d4 {[%emt 0:02:30]} Nf6 {[%emt 0:00:00]} 3. Nc3 {[%emt 0:03:30]} Nbd7 {[%emt 0:00:00]} 4. Nf3 {[%emt 0:00:30]} e5 {[%emt 0:00:00]} 5. Bc4 {[%emt 0:02:30]} Be7 {[%emt 0:00:00]} 6. O-O {[%emt 0:06:30]} O-O {[%emt 0:00:30]} 7. h3 {[%emt 0:04:30]} c6 {[%emt 0:00:00]} 8. a4 {[%emt 0:01:30]} Qc7 {[%emt 0:02:00]} 9. Ba2 {[%emt 0:02:30]} h6 {[%emt 0:03:30]} 10. Re1 {[%emt 0:01:30]} Re8 {[%emt 0:00:30]} 11. Be3 {[%emt 0:02:30]} Nf8 {[%emt 0:00:30]} 12. Qd2 {[%emt 0:07:30]} Be6 {[%emt 0:07:30]} 13. Bxe6 {[%emt 0:07:30]} Nxe6 {[%emt 0:00:30]} 14. d5 {[%emt 0:14:30]} cxd5 {[%emt 0:04:30]} 15. Nxd5 {[%emt 0:03:30]} Qc6 {[%emt 0:08:30]} 16. Nxf6+ {[%emt 0:01:30]} Bxf6 {[%emt 0:00:30]} 17. Qd3 {[%emt 0:02:30]} Bg5 {[%emt 0:19:30]} 18. Nxg5 {[%emt 0:02:30]} hxg5 {[%emt 0:04:30]} 19. c3 {[%emt 0:02:30]} Nf4 {[%emt 0:06:30]} 20. Bxf4 {[%emt 0:02:30]} gxf4 {[%emt 0:00:30]} 21. Red1 {[%emt 0:00:30]} Re6 {[%emt 0:00:30]} 22. Rd2 {[%emt 0:02:30]} Rg6 {[%emt 0:02:30]} 23. f3 {[%emt 0:08:59]} Rc8 {[%emt 0:02:30]} 24. Qb5 {[%emt 0:01:18]} Kf8 {[%emt 0:01:30]} 25. Rd5 {[%emt 0:02:06]} Ke7 {[%emt 0:05:30]} 26. Rad1 {[%emt 0:01:16]} a6 {[%emt 0:01:30]} 27. Qb4 {[%emt 0:00:58]} Re6 {[%emt 0:00:30]} 28. a5 {[%emt 0:00:14]} b5 {[%emt 0:03:30]} 29. axb6 {[%emt 0:02:43]} Rb8 {[%emt 0:00:30]} 30. Kh2 {[%emt 0:03:45]} Rxb6 {[%emt 0:00:30]} 31. Qa3 {[%emt 0:00:10]} Qc4 {[%emt 0:02:30]} 32. b4 {[%emt 0:02:37]} Qe2 {[%emt 0:04:30]} 33. R5d2 {[%emt 0:00:24]} Qe3 {[%emt 0:00:30]} 34. Rd3 {[%emt 0:00:11]} Qf2 {[%emt 0:00:30]} 35. R3d2 {[%emt 0:01:40]} Qg3+ {[%emt 0:02:26]} 36. Kh1 {[%emt 0:00:03]} Rc6 {[%emt 0:05:15]} 37. c4 {[%emt 0:01:31]} Rxc4 {[%emt 0:05:41]} 38. Qxa6 {[%emt 0:02:50]} 1/2-1/2

[Event "26th Zadar Open 2019"]
[Site "Zadar"]
[Date "2019.12.19"]
[Round "6.21"]
[White "Guttenthaler, Franz"]
[Black "Stocko, Josip"]
[Result "1-0"]
[WhiteElo "2304"]
[BlackElo "2267"]
[Annotator "ChessBase"]
[PlyCount "83"]
[EventDate "2019.12.15"]
[EventType "swiss"]
[EventCountry "CRO"]
[SourceTitle "playchess.com"]
[Source "ChessBase"]
[SourceQuality "1"]
[TimeControl "40/5400+30:1800+30"]

1. d4 {[%emt 0:00:30]} Nf6 {[%emt 0:00:30]} 2. c4 {[%emt 0:00:00]} e6 {[%emt 0:00:00]} 3. a3 {[%emt 0:00:00]} b6 {[%emt 0:00:00]} 4. Nc3 {[%emt 0:00:30]} Bb7 {[%emt 0:00:30]} 5. d5 {[%emt 0:00:30]} e5 {[%emt 0:01:30]} 6. Nf3 {[%emt 0:02:30]} d6 {[%emt 0:01:30]} 7. e4 {[%emt 0:00:30]} Be7 {[%emt 0:00:30]} 8. h3 {[%emt 0:01:30]} O-O {[%emt 0:00:30]} 9. Be3 {[%emt 0:01:30]} a6 {[%emt 0:00:30]} 10. Bd3 {[%emt 0:03:30]} c6 {[%emt 0:02:30]} 11. O-O {[%emt 0:07:30]} Nbd7 {[%emt 0:04:30]} 12. Nd2 {[%emt 0:05:30]} Ne8 {[%emt 0:02:30]} 13. g3 {[%emt 0:11:30]} Kh8 {[%emt 0:08:30]} 14. b4 {[%emt 0:03:30]} c5 {[%emt 0:05:30]} 15. Rb1 {[%emt 0:00:30]} Bc8 {[%emt 0:00:30]} 16. Rb3 {[%emt 0:10:30]} Ndf6 {[%emt 0:03:30]} 17. Kg2 {[%emt 0:01:30]} g6 {[%emt 0:06:30]} 18. Qe2 {[%emt 0:08:30]} Nd7 {[%emt 0:18:30]} 19. Bh6 {[%emt 0:07:30]} Ng7 {[%emt 0:01:30]} 20. f4 {[%emt 0:05:30]} exf4 {[%emt 0:08:30]} 21. gxf4 {[%emt 0:00:00]} g5 {[%emt 0:01:30]} 22. e5 {[%emt 0:02:00]} gxf4 {[%emt 0:01:30]} 23. Bxg7+ {[%emt 0:01:30]} Kxg7 {[%emt 0:00:30]} 24. Qh5 {[%emt 0:00:30]} Rh8 {[%emt 0:16:05]} 25. exd6 {[%emt 0:08:33]} Bxd6 {[%emt 0:00:43]} 26. Nce4 {[%emt 0:00:42]} Ne5 {[%emt 0:01:40]} 27. Kh1 {[%emt 0:06:07]} Ng6 {[%emt 0:06:56]} 28. Nxd6 {[%emt 0:01:28]} Qxd6 {[%emt 0:00:02]} 29. Ne4 {[%emt 0:00:20]} Qe7 {[%emt 0:02:51]} 30. bxc5 {[%emt 0:00:31]} bxc5 {[%emt 0:00:10]} 31. Rb6 {[%emt 0:01:04]} Qd8 {[%emt 0:00:54]} 32. Rf6 {[%emt 0:01:34]} Ra7 {[%emt 0:01:17]} 33. R1xf4 {[%emt 0:02:27]} Nxf4 {[%emt 0:01:18]} 34. Qh6+ {[%emt 0:00:12]} Kg8 {[%emt 0:00:01]} 35. Rxf4 {[%emt 0:00:17]} f5 {[%emt 0:00:25]} 36. Nf6+ {[%emt 0:02:38]} Kf7 {[%emt 0:00:00]} 37. Bxf5 {[%emt 0:00:00]} Qa5 {[%emt 0:02:45]} 38. Be6+ {[%emt 0:02:13]} Ke7 {[%emt 0:00:37]} 39. Qg7+ {[%emt 0:00:39]} Kd8 {[%emt 0:00:07]} 40. Qxh8+ {[%emt 0:00:09]} Ke7 {[%emt 0:00:38]} 41. Qg7+ {[%emt 0:30:47]} Kd8 {[%emt 0:30:11]} 42. Qf8+ {[%emt 0:00:07]} 1-0

[Event "26th Zadar Open 2019"]
[Site "Zadar"]
[Date "2019.12.19"]
[Round "6.22"]
[White "Dimitrov, Vladimir"]
[Black "Krasteva, Beloslava"]
[Result "0-1"]
[WhiteElo "2285"]
[BlackElo "2264"]
[Annotator "ChessBase"]
[PlyCount "91"]
[EventDate "2019.12.15"]
[EventType "swiss"]
[EventCountry "CRO"]
[SourceTitle "playchess.com"]
[Source "ChessBase"]
[SourceQuality "1"]
[TimeControl "40/5400+30:1800+30"]

1. d4 {[%emt 0:01:30]} d5 {[%emt 0:00:30]} 2. Nf3 {[%emt 0:00:30]} Nf6 {[%emt 0:00:30]} 3. c4 {[%emt 0:00:00]} e6 {[%emt 0:00:30]} 4. Nc3 {[%emt 0:00:00]} Be7 {[%emt 0:00:30]} 5. Bg5 {[%emt 0:00:30]} h6 {[%emt 0:00:30]} 6. Bh4 {[%emt 0:00:30]} O-O {[%emt 0:00:30]} 7. e3 {[%emt 0:00:00]} b6 {[%emt 0:00:30]} 8. Rc1 {[%emt 0:00:00]} Bb7 {[%emt 0:01:30]} 9. Bxf6 {[%emt 0:00:30]} Bxf6 {[%emt 0:00:30]} 10. cxd5 {[%emt 0:00:00]} exd5 {[%emt 0:00:00]} 11. b4 {[%emt 0:00:00]} c6 {[%emt 0:02:00]} 12. Be2 {[%emt 0:03:30]} a5 {[%emt 0:03:30]} 13. b5 {[%emt 0:03:30]} c5 {[%emt 0:00:30]} 14. O-O {[%emt 0:00:30]} Nd7 {[%emt 0:04:30]} 15. dxc5 {[%emt 0:00:30]} Nxc5 {[%emt 0:00:30]} 16. Nd4 {[%emt 0:00:30]} Rc8 {[%emt 0:07:30]} 17. Bg4 {[%emt 0:04:30]} Rc7 {[%emt 0:00:30]} 18. Na4 {[%emt 0:00:30]} Nxa4 {[%emt 0:06:30]} 19. Qxa4 {[%emt 0:03:30]} Qd6 {[%emt 0:07:30]} 20. Rfd1 {[%emt 0:01:30]} g6 {[%emt 0:01:30]} 21. g3 {[%emt 0:00:30]} h5 {[%emt 0:05:30]} 22. Rxc7 {[%emt 0:00:30]} Qxc7 {[%emt 0:00:00]} 23. Bf3 {[%emt 0:02:30]} Rc8 {[%emt 0:05:00]} 24. Nc6 {[%emt 0:00:00]} Bxc6 {[%emt 0:00:30]} 25. bxc6 {[%emt 0:00:00]} Qxc6 {[%emt 0:00:30]} 26. Qxc6 {[%emt 0:00:30]} Rxc6 {[%emt 0:00:30]} 27. Rxd5 {[%emt 0:00:30]} Rc1+ {[%emt 0:02:30]} 28. Kg2 {[%emt 0:03:30]} Be7 {[%emt 0:00:30]} 29. Rd7 {[%emt 0:00:30]} Kf8 {[%emt 0:00:00]} 30. Rb7 {[%emt 0:00:30]} Rb1 {[%emt 0:01:00]} 31. a4 {[%emt 0:00:30]} Rb4 {[%emt 0:00:30]} 32. Bc6 {[%emt 0:00:30]} h4 {[%emt 0:02:30]} 33. Kf3 {[%emt 0:00:30]} hxg3 {[%emt 0:00:30]} 34. hxg3 {[%emt 0:00:00]} Bc5 {[%emt 0:00:30]} 35. g4 {[%emt 0:00:00]} Rb2 {[%emt 0:00:30]} 36. Bd5 {[%emt 0:00:30]} Be7 {[%emt 0:00:30]} 37. Kg3 {[%emt 0:01:30]} Rb4 {[%emt 0:00:30]} 38. e4 {[%emt 0:01:30]} Rxa4 {[%emt 0:02:30]} 39. Rxb6 {[%emt 0:00:30]} Rb4 {[%emt 0:00:30]} 40. Ra6 {[%emt 0:00:00]} a4 {[%emt 0:01:30]} 41. f4 {[%emt 0:31:00]} Rd4 {[%emt 0:36:30]} 42. f5 {[%emt 0:01:30]} gxf5 {[%emt 0:00:00]} 43. gxf5 {[%emt 0:00:00]} Kg7 {[%emt 0:07:00]} 44. Kf4 {[%emt 0:00:00]} Rd1 {[%emt 0:01:30]} 45. Ke5 {[%emt 0:01:30]} Bh4 {[%emt 0:03:30]} 46. Ra7 {[%emt 0:00:30]} 0-1